| 000 | 00747cam a2200229 a 4500 | ||
|---|---|---|---|
| 001 | 000018454 | ||
| 005 | 20200929165817.0 | ||
| 008 | 100510s1943 sp 001 0 spa d | ||
| 040 |
_aDO-SdBNP _bspa _cBNPHU |
||
| 082 |
_a111.85 _bA786b |
||
| 100 | 1 |
_aArteaga, Esteban de _939936 |
|
| 245 | 1 | 3 |
_aLa belleza ideal / _cEsteban de Arteaga ; prólogo, texto y notas P. Miguel Batllori. |
| 260 |
_aMadrid : _bEspasa - Calpe, _c1943. |
||
| 300 |
_a172 p. ; _c18 cm. |
||
| 490 | 1 |
_aClásicos castellanos _v122 |
|
| 500 | _aIncluye índice onomástico: p. 165-172 | ||
| 650 | 4 |
_aOntología _91544 |
|
| 650 | 4 |
_aBelleza personal _939937 |
|
| 700 | 1 |
_aBatllori, P. Miguel _epról. _939938 |
|
| 830 | 0 |
_aClásicos castellanos ; _v122 _94180 |
|
| 049 | _aBNGR | ||
| 999 |
_c17974 _d17974 |
||